Statistics for Coldest Capital Cities in July

Click here to take the quiz!

General Stats

  • This quiz has been taken 44 times
  • The average score is 17 of 22

Answer Stats

#Daily MeanAnswer% Correct
58.2 °CSantiago
97%
68.6 °CWellington
97%
711.0 °CBuenos Aires
95%
16.2 °CCanberra
95%
911.6 °CReykjavik
92%
26.8 °CLa Paz
89%
711.0 °CMontevideo
89%
1313.1 °CWindhoek
87%
1011.9 °CCape Town
84%
1011.9 °CPretoria
84%
37.2 °CBloemfontein
82%
1413.4 °CHarare
79%
1814.9 °CLusaka
79%
47.5 °CMaseru
76%
1212.2 °CMbabane
68%
1614.3 °CAntananarivo
66%
1513.5 °CGaborone
66%
2115.6 °CDublin
63%
1915.5 °CQuito
58%
1714.6 °CBogota
55%
1915.5 °CAddis Ababa
47%
2115.6 °CNairobi
42%

Score Distribution

Percentile by Number Answered

Percent of People with Each Score

Your Score History

You have not taken this quiz